| 000 | 00381nam a22001457a 4500 | ||
|---|---|---|---|
| 999 |
_c187399 _d187399 |
||
| 010 | _aB-078187 | ||
| 020 | _c125.00 | ||
| 035 | _aB-078187 | ||
| 082 | _a158.1 SEY | ||
| 100 | _aSeymour, R. Ian | ||
| 245 |
_aMaximise your potential/ _cby R. Ian Seymour |
||
| 260 |
_aBanglore _bMaster Minds books _c2000 |
||
| 300 | _a184 p. | ||
| 942 |
_2ddc _cEN _h158.1 _mSEY |
||